书目信息 |
| 题名: |
机器人机构学基础
|
|
| 作者: | 朱大昌 , 张春良 , 吴文强 主编 | |
| 分册: | ||
| 出版信息: | 北京 机械工业出版社 2020.05 |
|
| 页数: | 275页 | |
| 开本: | 26cm | |
| 丛书名: | 现代机械工程系列精品教材 | |
| 单 册: | ||
| 中图分类: | TP24 | |
| 科图分类: | ||
| 主题词: | 机器人机构--ji qi ren ji gou--高等教育--教材 | |
| 电子资源: | ||
| ISBN: | 978-7-111-65060-7 | |
| 000 | 01599nam 2200337 450 | |
| 001 | 2068640985 | |
| 005 | 20201104190413.80 | |
| 010 | @a978-7-111-65060-7@dCNY49.80 | |
| 100 | @a20200628d2020 em y0chiy50 ea | |
| 101 | 0 | @achi |
| 102 | @aCN@b110000 | |
| 105 | @aa a 000yy | |
| 200 | 1 | @a机器人机构学基础@Aji qi ren ji gou xue ji chu@f主编朱大昌, 张春良, 吴文强 |
| 210 | @a北京@c机械工业出版社@d2020.05 | |
| 215 | @a275页@c图@d26cm | |
| 225 | 2 | @a现代机械工程系列精品教材@Axian dai ji xie gong cheng xi lie jing pin jiao cai |
| 225 | 2 | @a普通高等教育新工科机器人工程系列教材@Apu tong gao deng jiao yu xin gong ke ji qi ren gong cheng xi lie jiao cai |
| 300 | @a“十三五”国家重点出版物出版规划项目 | |
| 312 | @a英文题名取自封面 | |
| 320 | @a有书目 | |
| 330 | @a全书共7章。第1章介绍了必要的基础知识, 如机器人的发展历史、机器人系统的组成、机器人机械结构、控制系统、机器人学研究前沿等。第2章和第3章分析了机器人的运动学, 包括坐标系的建立、坐标变换、连杆参数和坐标系的建立、机器人运动学等。第4章分析了雅可比矩阵与速度运动学。第5章介绍了机器人动力学建模方法。第6章介绍了机器人在关节空间和操作空间的路径和轨迹规划。第7章介绍了MATLAB中机器人工具箱的应用。 | |
| 410 | 0 | @12001 @a现代机械工程系列精品教材 |
| 410 | 0 | @12001 @a普通高等教育新工科机器人工程系列教材 |
| 510 | 1 | @aFundamentals of robotics@zeng |
| 606 | 0 | @a机器人机构@Aji qi ren ji gou@x高等教育@j教材 |
| 690 | @aTP24@v5 | |
| 701 | 0 | @a朱大昌@Azhu da chang@4主编 |
| 701 | 0 | @a张春良@Azhang chun liang@4主编 |
| 701 | 0 | @a吴文强@Awu wen qiang@4主编 |
| 801 | 0 | @aCN@b人天书店@c20201024 |
| 905 | @aZUCC@dTP24@eZ830 | |
| 机器人机构学基础/主编朱大昌, 张春良, 吴文强.-北京:机械工业出版社,2020.05 |
| 275页:图;26cm.-(现代机械工程系列精品教材).-(普通高等教育新工科机器人工程系列教材) |
| “十三五”国家重点出版物出版规划项目 |
| ISBN 978-7-111-65060-7:CNY49.80 |
| 全书共7章。第1章介绍了必要的基础知识, 如机器人的发展历史、机器人系统的组成、机器人机械结构、控制系统、机器人学研究前沿等。第2章和第3章分析了机器人的运动学, 包括坐标系的建立、坐标变换、连杆参数和坐标系的建立、机器人运动学等。第4章分析了雅可比矩阵与速度运动学。第5章介绍了机器人动力学建模方法。第6章介绍了机器人在关节空间和操作空间的路径和轨迹规划。第7章介绍了MATLAB中机器人工具箱的应用。 |
| ● |
| 相关链接 |
|
|
|
正题名:机器人机构学基础
索取号:TP24/Z830
 
预约/预借
| 序号 | 登录号 | 条形码 | 馆藏地/架位号 | 状态 | 备注 |
| 1 | 1477854 | 214778542 | 自科库301/301自科库 40排5列2层/ [索取号:TP24/Z830] | 在馆 | |
| 2 | 1477855 | 214778551 | 自科库301/301自科库 40排5列2层/ [索取号:TP24/Z830] | 在馆 |